000 01078nam0a22002531 4500
001 rc\2293125
005 20110829135432.6
035 _a(NLR Aleph) 006466612
090 _a5891504
_c5891504
100 _a20110829d1977 |||y0rusy50 ca
101 0 _arus
102 _aRU
105 _ay j |||||
200 1 _aУчебное пособие для чтения текстов на английском языке по экономическим специальностям
_fМ-во высш. и сред. спец. образ. УССР. Одес. ин-т нар. хоз-ва. Кафедра иностр. яз.
210 _aОдесса
_cБ. и.
_d1977
215 _a[2], 98 с.
_d20
300 _aНа обороте тит. л. сост.: преп. С.Я. Андрушко
700 1 _aАндрушко
_bС. Я.
_gСветлана Яковлевна
712 0 2 _aОдесский ин-т народного хозяйства
_3RU\NLR\AUTH\8810028779
801 0 _aRU
_bNLR
_gpsbo
801 1 _aRU
_bELAR
_2rusmarc
852 _aNLR
_j77-4/24895
942 _cBOOK
980 _aNB